Đảng chỉ đạo giành thắng lợi từng bước trong cuộc kháng chiến chống Mỹ cứu nước thời kỳ (1965-1975) Sách tham khảo

में बचाया:
ग्रंथसूची विवरण
मुख्य लेखक: Nguyễn, Xuân Tú
स्वरूप: पुस्तक
प्रकाशित: Hà Nội Lao động 2003
विषय:
टैग : टैग जोड़ें
कोई टैग नहीं, इस रिकॉर्ड को टैग करने वाले पहले व्यक्ति बनें!
Thư viện lưu trữ: Trung tâm Học liệu Lê Vũ Hùng, Trường Đại học Đồng Tháp
LEADER 00893pam a22002538a 4500
001 00040866
005 20180402150416.0
008 161209s2014 ||||||Chisd
020 # # |c 27000 
041 0 # |a Vie 
082 1 4 |a 959.704  |b Đ106CH 
100 1 # |a Nguyễn, Xuân Tú 
245 1 0 |a Đảng chỉ đạo giành thắng lợi từng bước trong cuộc kháng chiến chống Mỹ cứu nước thời kỳ (1965-1975)  |c Nguyễn Xuân Tú  |b Sách tham khảo 
260 # # |b Lao động  |c 2003  |a Hà Nội 
300 # # |a 271 tr.  |c 19 cm. 
653 # # |a Chiến thắng 
653 # # |a Đảng Cộng sản 
653 # # |a Kháng chiến 
653 # # |a Lịch sử 
653 # # |a Mỹ 
653 # # |a Việt Nam 
852 # # |j KD.0023081 
910 |d 24/01/2018 
980 # # |a Trung tâm Học liệu Lê Vũ Hùng, Trường Đại học Đồng Tháp